| 000 | 00526nam a2200193Ia 4500 | ||
|---|---|---|---|
| 003 | OSt | ||
| 005 | 20260404122423.0 | ||
| 008 | 210210b1978 xxu||||| |||| 00| 0 eng d | ||
| 040 | _cAL | ||
| 041 | _aHindi | ||
| 082 | _aH891.2 BART | ||
| 100 |
_aBARVE (Anil). _dअनिल बर्वे _9260208 |
||
| 245 |
_aThank you Mr. glad _bथँक यू मिस्टर ग्लाड |
||
| 260 |
_aDilli _bSarasvati Vihar _c1978 |
||
| 300 | _a131 | ||
| 690 |
_aHindi Drama _9260209 |
||
| 906 | _a033767 | ||
| 942 |
_2ddc _cBK |
||
| 999 |
_c84918 _d84918 |
||